The Paite, A Transformed Community, and The Evangelical Convention Church | (Record no. 8068)

MARC details
000 -LEADER
fixed length control field 00521nam a22001697a 4500
003 - CONTROL NUMBER IDENTIFIER
control field GBCCL
005 - DATE AND TIME OF LATEST TRANSACTION
control field 20241126110642.0
008 - FIXED-LENGTH DATA ELEMENTS--GENERAL INFORMATION
fixed length control field 190214b ||||| |||| 00| 0 eng d
040 ## - CATALOGING SOURCE
Transcribing agency GBC
082 ## - DEWEY DECIMAL CLASSIFICATION NUMBER
Classification number ARC LIA
Item number 1986
100 ## - MAIN ENTRY--PERSONAL NAME
Personal name Liankhohau, T
9 (RLIN) 196
245 ## - TITLE STATEMENT
Title The Paite, A Transformed Community, and The Evangelical Convention Church |
Statement of responsibility, etc. T. Liankhohau
300 ## - PHYSICAL DESCRIPTION
Extent ?
Other physical details ?
650 ## - SUBJECT ADDED ENTRY--TOPICAL TERM
Topical term or geographic name entry element Christianity
Geographic subdivision Manipur
9 (RLIN) 10493
650 ## - SUBJECT ADDED ENTRY--TOPICAL TERM
Topical term or geographic name entry element Paite
Form subdivision Social
-- Cultural
-- Economic
-- Religious
General subdivision ECC (EBC)
Geographic subdivision Lamka
9 (RLIN) 14064
942 ## - ADDED ENTRY ELEMENTS (KOHA)
Source of classification or shelving scheme Dewey Decimal Classification
Koha item type Thesis
Holdings
Withdrawn status Lost status Source of classification or shelving scheme Damaged status Not for loan Home library Current Library Shelving location Date acquired Total checkouts Full call number Barcode Date last seen Copy number Price effective from Koha item type
Withdrawn by Owner   Dewey Decimal Classification     GRACE BIBLE COLLEGE GRACE BIBLE COLLEGE Archives 2019-02-14   ARC LIA 1986 025143 2022-06-07 c.1 2019-02-14 Thesis
© Grace Bible College Library 2025